000 01069nam a2200361 a 4500
003 AR-BaBNM
005 20251128203840.0
008 082120s2002 ||||||||||||||000 | spa||
040 _cAR-BaBNM
245 0 0 _aBorges
260 _aBuenos Aires
_bFundación Banco de Boston
_c1987
300 _a269 p.
_bil., láms.
500 _aLa lista completa de autores figura en portada
500 _aLos textos de Borges se publican con especial autorización de María Kodama-Borges, para esta edición privada
650 4 _aLITERATURA ARGENTINA
650 4 _aCUENTOS
650 4 _aCRITICA LITERARIA
650 4 _aANALISIS LITERARIO
650 4 _aBIOGRAFIAS
650 4 _aENSAYO
650 4 _aPOESIA
653 _aLITERATURA GAUCHESCA
655 _aLITERATURA
700 1 _aPortela, Benito
700 1 _aKodama-Borges, María
700 1 _aAlvarez, Julio
700 1 _aBioy Casares, Adolfo
700 1 _aSoldi, Raúl
_eilustrador
700 1 _aBenitez, Juan C.
_eilustrador
700 1 _aSuvervil, Luis
_eilustrador
942 _cBK
998 _cisola
999 _c5173
_d5173